| 000 | 00395nam a2200169Ia 4500 | ||
|---|---|---|---|
| 003 | GCL | ||
| 008 | 140319s9999 xx 000 0 aRus d | ||
| 040 |
_aGCL / _cGCL |
||
| 082 | 0 | 4 |
_a862 _bS N |
| 245 | 1 | 0 | _aNEKRASSOR |
| 260 |
_a[S.N] : _bALIANZA EDITORIAL ، _c1982 |
||
| 300 | _a299P | ||
| 650 | 0 | 4 | _aLITERATURE |
| 650 | 0 | 4 | _aSPANISH LITERATURE |
| 650 | 0 | 4 | _aSPANISH DRAMA |
| 942 |
_2ddc _cBK |
||
| 999 |
_c11437 _d11437 |
||